Financial Accounting (Record no. 351412)

000 -LEADER
fixed length control field 00520nam a22001937a 4500
003 - CONTROL NUMBER IDENTIFIER
control field OSt
005 - DATE AND TIME OF LATEST TRANSACTION
control field 20180116183046.0
008 - FIXED-LENGTH DATA ELEMENTS--GENERAL INFORMATION
fixed length control field 160719b xxu||||| |||| 00| 0 eng d
020 ## - INTERNATIONAL STANDARD BOOK NUMBER
International Standard Book Number 9780170123792
040 ## - CATALOGING SOURCE
Transcribing agency 0
082 ## - DEWEY DECIMAL CLASSIFICATION NUMBER
Classification number 657 TRO 2005
100 ## - MAIN ENTRY--PERSONAL NAME
Personal name Ken Trotman & Michael Gibbins
245 ## - TITLE STATEMENT
Title Financial Accounting
Remainder of title An Integrated Approch
Statement of responsibility, etc. Ken Trotman & Michael Gibbins
250 ## - EDITION STATEMENT
Edition statement 3rd
260 ## - PUBLICATION, DISTRIBUTION, ETC.
Place of publication, distribution, etc. Australia
Name of publisher, distributor, etc. Thomson
Date of publication, distribution, etc. 2005
300 ## - PHYSICAL DESCRIPTION
Extent 824 p.
Other physical details PB
440 ## - SERIES STATEMENT/ADDED ENTRY--TITLE
Title Financial Accounting
942 ## - ADDED ENTRY ELEMENTS (KOHA)
Source of classification or shelving scheme
Koha item type Book
Holdings
Withdrawn status Lost status Source of classification or shelving scheme Damaged status Not for loan Collection code Permanent Location Current Location Shelving location Date acquired Total Checkouts Full call number Barcode Checked out Date last seen Date last checked out Price effective from Koha item type
            Central Library (CL) Central Library (CL) General Stacks 07/19/2016 1 657 TRO 2005 NBSD-2582 05/21/2026 04/21/2026 04/21/2026 07/19/2016 Book
© 2023 Central Library, National University of Sciences and Technology. All Rights Reserved.